Hagyományaink és értékeink

Podrobná bibliografia
Hlavní autori: Benyák, Mária, 1952- (ain), Jarábik, Gabriella, 1951- (Autor, uin)
Médium: Článok
Jazyk:maďarčina
Fyzický popis:Fotogr.
ISSN:1335-6593
Predmet:

MARC

LEADER 00000nab a2200000 a 4500
001 vtls000870624
003 SK-MaSNL
005 20260318122118.0
008 160405c2004 xo 0 hun
015 |a SNBRB2004/04-13241 
035 |a CLN000222176 
040 |a SNKBUCL  |b slo  |c SNKBUCL  |e AACR2 
041 0 |a hun 
044 |a xo  |c SK 
080 |a 069.02(=511.141)(437.6):008  |2 1997 
100 1 |a Benyák, Mária,  |d 1952-  |4 ain  |9 268495 
245 1 0 |a Hagyományaink és értékeink  |c Benyák Mária, Jarábik Gabriella 
300 |b Fotogr. 
610 2 7 |a Múzeum kultúry Maďarov na Slovensku  |2 snkbucl  |9 36107 
651 7 |a Bratislava (Slovensko)  |2 snkbucl  |9 14568 
655 7 |a články z novín a časopisov  |2 snkbucl  |9 267496 
700 1 |a Jarábik, Gabriella,  |d 1951-  |4 aut  |4 uin  |9 107008 
773 0 |x 1335-6593  |t Tábortűz  |g Roč. 53, č. 7 (2004), s. 10 
850 |a Slovenská národná knižnica v Martine 
852 |a SNK  |b KIS3GCP 
958 |a HU 
958 |a SK 
958 |a RBX 
999 |c 3190256  |d 3192186